| 000 | 00888nam a22002777a 4500 | ||
|---|---|---|---|
| 001 | 4896 | ||
| 003 | FISKH | ||
| 005 | 20241023114140.0 | ||
| 008 | 241023b cb ||||| |||| 00| 0 eng d | ||
| 020 | _a9780531241110 | ||
| 040 |
_aFISKH _beng _cFISKH _dFISKH |
||
| 050 | _aDS71.A627 | ||
| 082 | _a935 | ||
| 100 | _aApte, Sunita | ||
| 245 |
_aMesopotamia / _cby Sunita Apte |
||
| 260 |
_aNew York : _bScholastic ; _c2010 . |
||
| 300 |
_a48 pages : _bcolor illustrations ; _c22 cm . |
||
| 490 | _a True Books: Ancient Civilizations | ||
| 505 | _aX | ||
| 520 | _aProvides information about Mesopotamia, discussing the importance of two rivers to the civilization, city-states, empires, ziggurats, reading, writing, and other related topics. | ||
| 521 | 8 |
_a890
_bLexile |
|
| 521 | 8 |
_aX
_bRaz-Plus |
|
| 650 |
_aIraq _vHistory |
||
| 942 |
_2ddc _cBK _n0 |
||
| 999 |
_c4896 _d4896 |
||